<?xml version="1.0" encoding="UTF-8"?>
<collection xmlns="http://www.loc.gov/MARC21/slim">
 <record>
  <leader>01524cam a2200409 i 4500</leader>
  <controlfield tag="001">000044369</controlfield>
  <controlfield tag="003">2739</controlfield>
  <controlfield tag="005">20040521141950.0</controlfield>
  <controlfield tag="008">010314b1995    vm            000   vie</controlfield>
  <datafield tag="020" ind1=" " ind2=" ">
   <subfield code="c">125000</subfield>
  </datafield>
  <datafield tag="022" ind1=" " ind2=" ">
   <subfield code="a">T</subfield>
  </datafield>
  <datafield tag="040" ind1=" " ind2=" ">
   <subfield code="a">IRC</subfield>
   <subfield code="c">IRC</subfield>
   <subfield code="d">IRC</subfield>
  </datafield>
  <datafield tag="041" ind1="0" ind2=" ">
   <subfield code="a">vie</subfield>
  </datafield>
  <datafield tag="082" ind1="1" ind2="4">
   <subfield code="a">895.921008</subfield>
   <subfield code="b">Th-M</subfield>
  </datafield>
  <datafield tag="245" ind1="0" ind2="0">
   <subfield code="a">Thơ miền Trung thế kỷ XX /</subfield>
   <subfield code="c">Tế Hanh, Ngô Thị Oanh, Thanh Quế, Nguyễn Trọng Tạo, Xuân Tùng, Thanh Thảo Tuyển chọn.</subfield>
  </datafield>
  <datafield tag="260" ind1=" " ind2=" ">
   <subfield code="a">Đà Nẵng :</subfield>
   <subfield code="b">Nxb Đà Nẵng,</subfield>
   <subfield code="c">1995.</subfield>
  </datafield>
  <datafield tag="300" ind1=" " ind2=" ">
   <subfield code="a">807tr. ;</subfield>
   <subfield code="c">24cm.</subfield>
  </datafield>
  <datafield tag="520" ind1="3" ind2=" ">
   <subfield code="a">Tập thơ tuyển chọn những bài thơ hay viết về miền Trung gồm các loại: trữ tình, đả kích, thơ thiếu nhi... Thơ miền Trung tiếp thụ được tinh hoa thơ cả nước qua các thời đại và phát triển độc đáo góp phần làm giàu cho thơ cả nước.</subfield>
  </datafield>
  <datafield tag="630" ind1="0" ind2="4">
   <subfield code="a">Thơ.</subfield>
  </datafield>
  <datafield tag="630" ind1="0" ind2="4">
   <subfield code="a">Văn học Việt.</subfield>
  </datafield>
  <datafield tag="650" ind1="0" ind2="4">
   <subfield code="a">Thi ca Việt</subfield>
   <subfield code="z">Miền Trung (Việt Nam)</subfield>
   <subfield code="y">Thế kỷ XX.</subfield>
  </datafield>
  <datafield tag="700" ind1="1" ind2=" ">
   <subfield code="a">Tế Hanh,</subfield>
   <subfield code="e">Tuyển chọn.</subfield>
  </datafield>
  <datafield tag="700" ind1="1" ind2=" ">
   <subfield code="a">Ngô Thị Oanh,</subfield>
   <subfield code="e">Tuyển chọn.</subfield>
  </datafield>
  <datafield tag="700" ind1="1" ind2=" ">
   <subfield code="a">Thanh Quế,</subfield>
   <subfield code="e">Tuyển chọn.</subfield>
  </datafield>
  <datafield tag="700" ind1="1" ind2=" ">
   <subfield code="a">Nguyễn Trọng Tạo,</subfield>
   <subfield code="e">Tuyển chọn.</subfield>
  </datafield>
  <datafield tag="700" ind1="1" ind2=" ">
   <subfield code="a">Xuân Tùng,</subfield>
   <subfield code="e">Tuyển chọn.</subfield>
  </datafield>
  <datafield tag="700" ind1="1" ind2=" ">
   <subfield code="a">Thanh Thảo,</subfield>
   <subfield code="e">Tuyển chọn.</subfield>
  </datafield>
  <datafield tag="OWN" ind1=" " ind2=" ">
   <subfield code="a">DUT</subfield>
  </datafield>
  <datafield tag="999" ind1=" " ind2=" ">
   <subfield code="a">From the UDN01</subfield>
  </datafield>
  <datafield tag="TYP" ind1=" " ind2=" ">
   <subfield code="a">Monograph</subfield>
  </datafield>
  <datafield tag="TYP" ind1=" " ind2=" ">
   <subfield code="a">Printed language</subfield>
  </datafield>
  <datafield tag="980" ind1=" " ind2=" ">
   <subfield code="a">Mạng thư viện Đại học Đà Nẵng</subfield>
  </datafield>
 </record>
</collection>
